| 000 | 00741 a2200217 4500 | ||
|---|---|---|---|
| 020 | _a0071154434 | ||
| 020 | _a9780071154437 | ||
| 090 |
_c3057 _d3057 |
||
| 100 | 1 | _aBall, Donald. | |
| 245 | 1 | 0 |
_aInternational business : _bthe challenge of global competition / _cDonald Ball. |
| 250 | _aInternat.2r.e. ed. | ||
| 260 |
_a[S.l.] : _bMcGraw-Hill Education (ISE Editions), _c1998. |
||
| 300 | _a693 p. | ||
| 500 | _aImport. | ||
| 500 | _aPaperback. | ||
| 700 | 1 | _aMcCulloch, Wendell. | |
| 700 | 1 | _aoverrun, Ball. | |
| 856 | 4 | 0 |
_3Amazon.com _uhttp://www.amazon.com/exec/obidos/ASIN/0071154434/chopaconline-20 |
| 856 | 4 | 0 |
_3Amazon customer reviews _uhttp://www.chopac.org/cgi-bin/tools/azrev.pl?q=0071154434 |
| 942 |
_aNBS _cBK _k658.04 BAL |
||
| 999 |
_c345547 _d345547 |
||